Velocidades Tucânicas - Statistics

Estatísticas Gerais
  • Esse quiz foi jogado 2 910 vezes
  • A pontuação média é 16 de 18
Estatísticas das Respostas
Velocidade Resposta em kt % Correto
Velocidade Mín Reverso 40
95%
Vel Máx sem capota 110
94%
Vel Máx baixamento trem EMG 110
93%
Vel Máx recolhimento trem 120
93%
Buffet 2-3
93%
Baixamento normal trem 145
92%
Vento lateral Máx 25
92%
Buzina de estol 5-10
91%
Trem baixado 146
90%
Flape Pouso 148
89%
Flape DEC 176
89%
Leme/Profdr total. defletido 179
88%
VNE (0 ft) 284
88%
VNE (14.500ft) 289
87%
Op. com flape de pouso 66-148
87%
Entrada em ar turbulento 110-180
86%
Aileron total. defletido 234
86%
VNE (0_17.500ft) 235
85%
Nenhum quiz correspondente encontrado
Distribuição das Pontuações
Porcentagem de Pessoas com Cada Pontuação
Percentil de Números Respondidos
Sua Pontuação Histórica
Você não jogou esse quiz